000 01572nam0a2200349 4500
001 RU\NLR\bibl\1793786
005 20260408222651.0
010 _a978-5-473-00647-6
_9500
021 _aRU
_b2011-35128
_92505
035 _a(NLR Aleph) 001784475
035 _a(nilc)RSL-KNO-004942838
090 _a1718330
_c1718330
100 _a20110516d2011 |||y0rusy50 ca
101 0 _arus
102 _aRU
105 _ay |||||||||
200 1 _aИнститут защиты прав человека в Вооруженных силах РФ: историко-теоретический аспект
_eмонография
_fАлексей Владимирович Азархин
_gФедеральное агентство по образованию, Гос. образовательное учреждение высш. проф. образования "Самарский гос. экономический ун-т"
210 _aСамара
_cОфорт
_d2011
215 _a214 с.
_d21
320 _aБиблиогр. в подстроч. примеч.
601 0 1 _aРоссийская Федерация
_bВооруженные силы
_xЛичный состав
_xЗащита прав
_3RU\NLR\AUTH\6601755993
_92667966
686 1 _aХ620.33
686 1 _aЦ4,6(2)27
700 1 _aАзархин
_bА. В.
_gАлексей Владимирович
_4070
801 0 _aRU
_bRuMoRKP
_c20110516
_grcr
801 1 _aRU
_bРГБ
_c20110516
801 2 _aRU
_bNLR
_c20110802
_grcr
942 _cBOOK
980 _aNB
980 _aNBR